000 00480nam a2200193 a 4500
001 1766566527203
003 YourLibrary
005 20251226115018.0
008 251224s1993##################000#0#eng##
020 _a9780060654733
082 0 4 _a248.4
_bMAY
100 1 _aMay, Gerald G.,
_eauthor.
245 1 0 _aThe Awakened Heart :
260 _bHarperOne,
_c1993.
300 _a272 pages
650 0 _aReligion.
942 _cENGLISH
040 _aYourLibrary
_beng
_cYourLibrary
999 _c604631
_d604631